000 01057cab a2200433 4500
001 ABS59635
008 090401t1998 xxu||||| |||| 00| 0 eng d
035 _a(Sirsi) u89828
041 _aeng
245 _aRegional survey: Surrey & Sussex
260 _c1998
350 _a0
490 _aProperty Week
_v63(30) 20 November 1998, 38-88(16)
650 _aBRIGHTON
650 _aCRAWLEY
650 _aCROYDON
650 _aEASTBOURNE
650 _aEPSOM
650 _aGUILDFORD
650 _aINDUSTRIAL SECTOR
650 _aLEATHERHEAD
650 _aLEISURE SECTOR
650 _aMARINA DEVELOPMENTS
650 _aMITCHAM
650 _aOFFICE DEVELOPMENT
650 _aOFFICE SECTOR
650 _aPLANNING
650 _aREDHILL
650 _aREIGATE
650 _aRETAIL SECTOR
650 _aRETAIL WAREHOUSING
650 _aSURREY
650 _aSUSSEX
650 _aSUTTON
650 _aWALTON-ON-THAMES
690 _aPROPERTY-COMMERCIAL PROPERTY-COMMERCIAL PROPERTY MARKET
942 _n0
948 _c19/11/1998
999 _c56866
_d56866